Statistiche per Top 15 dei paesi con decessi Covid-19 - 3 giugno 2021

Clicka qui per fare il quiz!

Statistiche generali

  • Questo quiz è stato fatto 3 volte
  • Il punteggio medio è 14 su 24

Statistiche sulle risposte

decessi
totali
paese% Corretto
109 857Francia
100%
89 605Germania
100%
126 342Italia
100%
122 660Russia
100%
80 099Spagna
100%
611 573Stati Uniti
100%
79 873Argentina
67%
Bosnia ed Erzegovina
67%
469 784Brasile
67%
80 658Iran
67%
228 146Messico
67%
74 075Polonia
67%
127 812Regno Unito
67%
Bulgaria
33%
Cechia
33%
90 353Colombia
33%
Croazia
33%
340 719India
33%
184 942Perù
33%
Slovacchia
33%
Slovenia
33%
Ungheria
33%
Belgio
0%
Macedonia del Nord
0%

Distribuzione punteggi

Percentile per numero di risposta

Percentuale di utenti per punteggio

I tuoi punteggi nel tempo

Non hai fatto questo quiz